[Event "VII OPEN AMATEUR CALVIA"]
[Site "Calvia - Mallorca (España)"]
[Date "2010.10.14"]
[Round "6"]
[Board "1"]
[White "Selten, Jan"]
[Black "Razola, Garcia Joaquin"]
[Result "1-0"]
[WhiteElo "1949"]
[BlackElo "2112"]
[PlyCount "127"]
[EventDate "2010.10.09"]
[EventRounds "9"]
[EventCountry "ESP"]

1.e4 e5 2.Bc4 Nf6 3.Nf3 Nc6 4.Ng5 d5 5.exd5 Na5 6.d3 Bd6 7.Nc3 O-O 8.O-O Bf5
9.Re1 h6 10.Nge4 Bxe4 11.Nxe4 Nxe4 12.Rxe4 f5 13.Re1 Nxc4 14.dxc4 Qh4 15.g3 Qxc4
16.b3 Qb5 17.c4 Qd7 18.f4 exf4 19.Bxf4 Bxf4 20.gxf4 Qd6 21.Qd4 Rae8 22.Re5 Qg6+
23.Kh1 Qh5 24.Rg1 Qf3+ 25.Rg2 Qf1+ 26.Rg1 Qf3+ 27.Rg2 Rxe5 28.Qxe5 Qf1+ 29.Rg1
Qf3+ 30.Rg2 Rf7 31.Kg1 Qd1+ 32.Kf2 Qd2+ 33.Kf1 Qc1+ 34.Kf2 Qd2+ 35.Kf1 Qd3+
36.Re2 b6 37.Qe8+ Rf8 38.Qe3 Qd1+ 39.Re1 Qh5 40.Re2 a5 41.Ke1 Qh4+ 42.Qg3 Qf6
43.Kf2 Qd4+ 44.Qe3 Qd1 45.Re1 Qg4 46.Qg3 Qxg3+ 47.hxg3 Rf7 48.Re6 Rd7 49.Ke3 Kf7
50.Kd4 Rd6 51.Ke5 Rd7 52.Kxf5 b5 53.Ke5 bxc4 54.bxc4 a4 55.Kd4 Rd8 56.Rc6 Rd7
57.Ra6 Re7 58.Rxa4 Re1 59.Ra7 Rd1+ 60.Ke4 Re1+ 61.Kf3 Re7 62.a4 Ke8 63.a5 Kd7
64.c5

[Event "VII OPEN AMATEUR CALVIA"]
[Site "Calvia - Mallorca (España)"]
[Date "2010.10.14"]
[Round "6"]
[Board "1"]
[White "Du Plessis, Heinco"]
[Black "Helin, Mikael"]
[Result "1-0"]
[WhiteElo "2108"]
[BlackElo "1927"]
[PlyCount "113"]
[EventDate "2010.10.09"]
[EventRounds "9"]
[EventCountry "ESP"]

1.e4 c5 2.Nf3 e6 3.d4 cxd4 4.Nxd4 a6 5.c4 Qc7 6.Nc3 Nf6 7.a3 Nc6 8.Be2 Ne5 9.Qa4
Ng6 10.b4 Qe5 11.Be3 Nxe4 12.Nxe4 Qxe4 13.Nb5 Qe5 14.Rd1 Qb8 15.Nc3 Be7 16.Qc2
Nf4 17.Bf3 Ng6 18.Na4 Nh4 19.Nb6 a5 20.Nxa8 Qxa8 21.Qd2 axb4 22.axb4 O-O 23.c5
Qa3 24.O-O Bf6 25.Be4 Bc3 26.Qc2 Qxb4 27.Rb1 Qa5 28.Bxh7+ Kh8 29.Bd3 Bf6 30.f4
g6 31.Bd2 Bd4+ 32.Kh1 Qxc5 33.Qxc5 Bxc5 34.Rfc1 b6 35.Be1 Nf5 36.Bxf5 gxf5
37.Rb3 f6 38.Bc3 Kg7 39.Bb2 Kf7 40.Rh3 d5 41.Ba3 Ba6 42.Bxc5 bxc5 43.Rxc5 Rc8
44.Rxc8 Bxc8 45.Kg1 e5 46.Kf2 d4 47.Ra3 Ke7 48.Ra5 Kd6 49.h4 Be6 50.h5 Bf7 51.h6
Bg6 52.fxe5+ fxe5 53.Ra6+ Kd5 54.Rxg6 e4 55.h7 f4 56.h8=Q d3 57.Qa8+

[Event "VII OPEN AMATEUR CALVIA"]
[Site "Calvia - Mallorca (España)"]
[Date "2010.10.14"]
[Round "6"]
[Board "1"]
[White "Oliver Font, Jose Luis"]
[Black "Castell Cantero, Salvador"]
[Result "0-1"]
[WhiteElo "1902"]
[BlackElo "2059"]
[PlyCount "119"]
[EventDate "2010.10.09"]
[EventRounds "9"]
[EventCountry "ESP"]

1.e4 g6 2.d4 Bg7 3.Bc4 d6 4.Nc3 Nf6 5.Qe2 e5 6.dxe5 dxe5 7.Bg5 h6 8.Bh4 c6 9.Rd1
Qc7 10.Nf3 O-O 11.O-O b5 12.Bb3 a5 13.a3 Ba6 14.Nb1 Nbd7 15.Rd2 Nh5 16.Be7 Rfe8
17.Bd6 Qb6 18.g3 Rac8 19.Nh4 Nf8 20.Rfd1 Ne6 21.c3 c5 22.Bxe6 Rxe6 23.b4 cxb4
24.cxb4 Bf8 25.Bxf8 Kxf8 26.Rd7 Nf6 27.R7d3 axb4 28.axb4 Rc4 29.Qd2 Kg7 30.Nc3
Nxe4 31.Nxe4 Rxe4 32.Ng2 Bb7 33.Ne3 Qc6 34.f3 Rd4 35.Rxd4 exd4 36.Qxd4+ Kh7
37.Rf1 Rf6 38.Ng4 Rf5 39.Qe3 Rxf3 40.Rxf3 Qxf3 41.Qxh6+ Kg8 42.Ne3 Be4 43.Qf4
Qh1+ 44.Kf2 Qxh2+ 45.Ke1 Bd3 46.Qf3 Qb2 47.Nd5 Qe5+ 48.Kd2 Bc4 49.Nc3 Qd6+
50.Kc2 Qxb4 51.Ne4 Qa4+ 52.Kd2 Qa2+ 53.Kc1 Qa1+ 54.Kc2 Kg7 55.Qc3+ Qxc3+ 56.Kxc3
f5 57.Nd2 Kf6 58.Kd4 Kg5 59.Ke3 Kg4 60.Nf3

[Event "VII OPEN AMATEUR CALVIA"]
[Site "Calvia - Mallorca (España)"]
[Date "2010.10.14"]
[Round "6"]
[Board "1"]
[White "Carranza Pons, Ricardo Nelson"]
[Black "Sokalskaja, Elena"]
[Result "0-1"]
[WhiteElo "1853"]
[BlackElo "2036"]
[PlyCount "68"]
[EventDate "2010.10.09"]
[EventRounds "9"]
[EventCountry "ESP"]

1.e4 c6 2.d4 d5 3.Nc3 b5 4.exd5 b4 5.Ne4 cxd5 6.Bb5+ Bd7 7.Bxd7+ Nxd7 8.Ng3 Ngf6
9.Nf3 Qc7 10.Bg5 e6 11.Qe2 Rc8 12.O-O Be7 13.Bxf6 Bxf6 14.Nf5 O-O 15.Ne3 Nb6
16.b3 Qc3 17.Rad1 Rc7 18.Qd2 g6 19.Ne5 Bxe5 20.dxe5 Nd7 21.f4 Qxd2 22.Rxd2 Rfc8
23.a3 Rc3 24.Kf2 Nc5 25.Re2 Ne4+ 26.Kg1 bxa3 27.Ra1 R3c7 28.Rxa3 Nc3 29.Rf2 h5
30.h4 Rb8 31.Ra6 Rb4 32.g3 Re4 33.Nf1 Ne2+ 34.Kg2 Nd4

[Event "VII OPEN AMATEUR CALVIA"]
[Site "Calvia - Mallorca (España)"]
[Date "2010.10.14"]
[Round "6"]
[Board "1"]
[White "Berendsen, Markus"]
[Black "Moreno Mateos, Jose Luis"]
[Result "1-0"]
[WhiteElo "2034"]
[BlackElo "1882"]
[PlyCount "107"]
[EventDate "2010.10.09"]
[EventRounds "9"]
[EventCountry "ESP"]

1.c4 e5 2.g3 Nf6 3.Bg2 c6 4.d4 exd4 5.Qxd4 d5 6.cxd5 cxd5 7.Nf3 Nc6 8.Qd1 Bc5
9.O-O O-O 10.Nbd2 a6 11.a3 Re8 12.b4 Bd4 13.Nxd4 Nxd4 14.e3 Nb5 15.Nb3 Bg4
16.Qd3 Qe7 17.Bb2 Rad8 18.Rac1 Nd6 19.Na5 Bf5 20.Qd4 Nde4 21.Qb6 Rd7 22.Nb3 Ng5
23.Bxf6 gxf6 24.h4 Rd6 25.Qc7 Rd7 26.Qc5 Ne4 27.Qxe7 Rdxe7 28.Rfd1 Be6 29.Bxe4
dxe4 30.Nd4 Bg4 31.Rd2 Rd7 32.Rdc2 Kg7 33.Rc7 Ree7 34.Rxd7 Rxd7 35.Kf1 Kg6
36.Rc5 h6 37.Kg2 Kg7 38.Kf1 Kg6 39.Ke1 Kg7 40.Kd2 Bh3 41.Kc2 Bf1 42.Kb3 Bd3
43.Ka4 Kg6 44.Kb3 Kg7 45.a4 Kg6 46.Kc3 Kg7 47.g4 Bf1 48.Nf5+ Kg6 49.Ng3 Bd3
50.Nh5 Be2 51.Nf4+ Kg7 52.Nxe2 Rd3+ 53.Kc2 Ra3 54.Nc3

[Event "VII OPEN AMATEUR CALVIA"]
[Site "Calvia - Mallorca (España)"]
[Date "2010.10.14"]
[Round "6"]
[Board "1"]
[White "Cemborain Oricain, Alfonso"]
[Black "Suuronen, Petri"]
[Result "1-0"]
[WhiteElo "1987"]
[BlackElo "1916"]
[PlyCount "105"]
[EventDate "2010.10.09"]
[EventRounds "9"]
[EventCountry "ESP"]

1.e4 d6 2.d4 Nf6 3.Nc3 e5 4.Nf3 Nbd7 5.Bc4 Be7 6.O-O O-O 7.Re1 c6 8.a4 a5 9.d5
Qc7 10.h3 Nb6 11.Bf1 cxd5 12.exd5 Bd7 13.Be3 Nc4 14.Bxc4 Qxc4 15.Qe2 Rfc8
16.Qxc4 Rxc4 17.Nd2 Rxc3 18.bxc3 Nxd5 19.Nc4 Ra6 20.Bd2 Be6 21.Na3 Rc6 22.Nb5
Nb6 23.Reb1 Nc4 24.Be1 f5 25.Na3 b6 26.Nxc4 Bxc4 27.f3 d5 28.Bf2 Bd8 29.Rb2 f4
30.Rab1 e4 31.Bxb6 Bf6 32.Bd4 e3 33.Bxf6 gxf6 34.Rb6 Rxb6 35.Rxb6 Kf7 36.Rb7+
Kg6 37.Ra7 h5 38.Rxa5 Kg5 39.Rc5 Ba6 40.Rxd5+ Kh4 41.Rd8 Bc4 42.Rc8 Ba6 43.Rg8
Bc4 44.Rg6 f5 45.a5 Be2 46.a6 Bxf3 47.gxf3 Kxh3 48.Kf1 h4 49.a7 Kh2 50.Ke2 h3
51.a8=Q Kh1 52.Qa1+ Kh2 53.Qg1#

[Event "VII OPEN AMATEUR CALVIA"]
[Site "Calvia - Mallorca (España)"]
[Date "2010.10.14"]
[Round "6"]
[Board "1"]
[White "Strand, Oyvin"]
[Black "Oliver Amengual, Adria"]
[Result "1/2-1/2"]
[WhiteElo "1978"]
[BlackElo "1866"]
[PlyCount "137"]
[EventDate "2010.10.09"]
[EventRounds "9"]
[EventCountry "ESP"]

1.Nf3 Nf6 2.g3 g6 3.Bg2 Bg7 4.d3 O-O 5.e4 d6 6.O-O c5 7.c4 Nc6 8.Nc3 a6 9.Be3
Ng4 10.Qd2 Rb8 11.a4 Na5 12.Rab1 Nxe3 13.fxe3 Nc6 14.d4 cxd4 15.Nxd4 Qb6 16.Nd5
Qa7 17.Nc2 e6 18.Nc3 Ne5 19.b3 Qc5 20.Kh1 Rd8 21.h3 Bd7 22.Nd4 Rdc8 23.Rf2 Bh6
24.Rbf1 Be8 25.g4 Nc6 26.Rf3 Qb6 27.Nce2 e5 28.Nxc6 Qxc6 29.Nc3 Qc5 30.Nd5 Kf8
31.Nf6 Rc7 32.Nxh7+ Kg7 33.Nf6 Bc6 34.h4 g5 35.Nh5+ Kg8 36.Qf2 Rf8 37.Rf6 Bg7
38.Qf5 Qxe3 39.hxg5 Bd7 40.Qf3 Qxf3 41.R6xf3 Bxg4 42.Nf6+ Bxf6 43.Rxf6 Rd7
44.R1f2 Kg7 45.Rd2 Be6 46.Kh2 Rh8+ 47.Kg3 Rh5 48.Rf1 Rxg5+ 49.Kf2 Rg6 50.Bf3 Rf6
51.Ke3 Kf8 52.Rfd1 Ke7 53.Be2 a5 54.Kd3 Rf4 55.Ke3 f5 56.Bf3 Rh4 57.exf5 Bxf5
58.Rg1 e4 59.Bd1 Ke6 60.Kd4 b6 61.Re2 d5 62.Bc2 dxc4+ 63.Kxc4 e3+ 64.Kb5 Rb4+
65.Kc6 Rd6+ 66.Kc7 Rd7+ 67.Kc6 Rd6+ 68.Kc7 Rd7+ 69.Kc6

[Event "VII OPEN AMATEUR CALVIA"]
[Site "Calvia - Mallorca (España)"]
[Date "2010.10.14"]
[Round "6"]
[Board "1"]
[White "Christiansen, Johan-Sebastian"]
[Black "Fruebing, Thomas"]
[Result "1-0"]
[WhiteElo "1899"]
[BlackElo "2234"]
[PlyCount "79"]
[EventDate "2010.10.09"]
[EventRounds "9"]
[EventCountry "ESP"]

1.c4 b6 2.Nc3 e6 3.Nf3 Bb7 4.g3 Bxf3 5.exf3 Bb4 6.Bg2 Nc6 7.f4 Bxc3 8.bxc3 Nge7
9.O-O O-O 10.Qh5 Rb8 11.g4 f5 12.g5 Na5 13.d3 c5 14.Qe2 Qc7 15.Re1 Rfc8 16.Qf3
Qc6 17.Qg3 Qa4 18.Be3 Qc2 19.Rec1 Qa4 20.h4 Nb7 21.h5 Nd6 22.Qh4 Kf8 23.g6 h6
24.Rd1 Ne8 25.d4 Nf6 26.Bf1 Qc2 27.Rdc1 Qa4 28.Rcb1 Qc6 29.Rb5 d6 30.Bg2 Qc7
31.a4 Ne4 32.Bxe4 fxe4 33.f5 exf5 34.Bxh6 Ng8 35.Bf4 Qd8 36.Qg3 Ke7 37.Rd1 a6
38.dxc5 axb5 39.Bxd6+ Kf6 40.Be5+

[Event "VII OPEN AMATEUR CALVIA"]
[Site "Calvia - Mallorca (España)"]
[Date "2010.10.14"]
[Round "6"]
[Board "1"]
[White "Mulligan, Stephen"]
[Black "Jernselius, Kjell"]
[Result "1-0"]
[WhiteElo "2098"]
[BlackElo "1897"]
[PlyCount "103"]
[EventDate "2010.10.09"]
[EventRounds "9"]
[EventCountry "ESP"]

1.d4 g6 2.e4 d6 3.Nf3 Bg7 4.Nc3 a6 5.Be2 Nd7 6.O-O c5 7.Be3 cxd4 8.Nxd4 Ngf6
9.Qd2 O-O 10.f3 Qa5 11.Rad1 Re8 12.a3 Nf8 13.Bc4 Bd7 14.Bb3 b5 15.Bh6 b4 16.Nd5
Nxd5 17.Bxg7 Kxg7 18.exd5 Rab8 19.Kh1 Qc5 20.axb4 Qxb4 21.Qe3 Bb5 22.Rfe1 Nd7
23.Qg5 Nf6 24.c3 Qa5 25.Nf5+ Kh8 26.Nxe7 Ng8 27.Nxg8 Kxg8 28.Bc2 Ba4 29.b4 Qb5
30.Bxa4 Qxa4 31.Qd2 a5 32.bxa5 Qxa5 33.h3 Qb5 34.Re4 Qc5 35.Rde1 Rxe4 36.fxe4
Rc8 37.Rc1 Kg7 38.Qf4 f6 39.Qg4 Re8 40.Qd7+ Kf8 41.Qxh7 Qe3 42.Rf1 Qxc3 43.Qxg6
Ke7 44.Qg7+ Kd8 45.Qxf6+ Qxf6 46.Rxf6 Kc7 47.Re6 Rf8 48.Kh2 Rf2 49.h4 Kd7 50.Kh3
Rf1 51.Kg4 Rf7 52.g3

[Event "VII OPEN AMATEUR CALVIA"]
[Site "Calvia - Mallorca (España)"]
[Date "2010.10.14"]
[Round "6"]
[Board "1"]
[White "Burton, Graham P"]
[Black "Marret, Benjamin"]
[Result "1-0"]
[WhiteElo "2080"]
[BlackElo "1895"]
[PlyCount "39"]
[EventDate "2010.10.09"]
[EventRounds "9"]
[EventCountry "ESP"]

1.e4 c6 2.c4 d5 3.exd5 cxd5 4.cxd5 Nf6 5.Nc3 Nxd5 6.Nf3 Nxc3 7.bxc3 g6 8.d4 Bg7
9.Bd3 Nc6 10.O-O O-O 11.Re1 Qa5 12.Bd2 e5 13.Be4 exd4 14.cxd4 Qb6 15.Rb1 Qa6
16.d5 Ne5 17.Nxe5 Bxe5 18.Bb4 Rd8 19.Be7 Re8 20.Bd3

[Event "VII OPEN AMATEUR CALVIA"]
[Site "Calvia - Mallorca (España)"]
[Date "2010.10.14"]
[Round "6"]
[Board "1"]
[White "Porfireanu, Serban"]
[Black "De Esteban De Esteban, Valentin"]
[Result "1/2-1/2"]
[WhiteElo "2024"]
[BlackElo "1796"]
[PlyCount "66"]
[EventDate "2010.10.09"]
[EventRounds "9"]
[EventCountry "ESP"]

1.c4 e5 2.Nc3 Be7 3.g3 Nf6 4.Bg2 c6 5.d4 exd4 6.Qxd4 O-O 7.Nf3 d6 8.O-O d5
9.cxd5 cxd5 10.Bg5 Nc6 11.Qa4 Be6 12.Rfd1 Qb6 13.Qb5 Qxb5 14.Nxb5 Rfd8 15.Nbd4
Nxd4 16.Nxd4 Rd7 17.Rac1 h6 18.Bd2 Rad8 19.f4 Bg4 20.h3 Bh5 21.g4 Bg6 22.f5 Bh7
23.Nf3 Bd6 24.Ba5 b6 25.Be1 Ne4 26.h4 Bf4 27.Rc6 Kf8 28.Rd3 g6 29.Nd4 Be5 30.Nf3
Bg7 31.Nd4 gxf5 32.gxf5 Be5 33.Nf3 Bg7 {Indescifrable.}

[Event "VII OPEN AMATEUR CALVIA"]
[Site "Calvia - Mallorca (España)"]
[Date "2010.10.14"]
[Round "6"]
[Board "1"]
[White "Puroila, Sippo"]
[Black "Ramon Sanchez Campins, Pedro"]
[Result "1/2-1/2"]
[WhiteElo "1950"]
[BlackElo "1768"]
[PlyCount "101"]
[EventDate "2010.10.09"]
[EventRounds "9"]
[EventCountry "ESP"]

1.c4 e5 2.Nc3 Nc6 3.g3 g6 4.Bg2 Bg7 5.e4 Nge7 6.Nge2 O-O 7.O-O d6 8.d3 Be6 9.h3
Qd7 10.Kh2 f5 11.Nd5 fxe4 12.dxe4 Nd4 13.f4 Nxe2 14.Qxe2 Nc6 15.Rb1 Nd4 16.Qd3
c5 17.Bd2 Rad8 18.a3 Bxd5 19.cxd5 Qb5 20.Qxb5 Nxb5 21.a4 Nd4 22.b4 c4 23.Rf2 Rc8
24.Bc3 b5 25.a5 Rc7 26.Rd1 Re7 27.h4 Nb3 28.f5 gxf5 29.exf5 Bh6 30.Be4 Nd4 31.g4
Bf4+ 32.Kh3 Be3 33.Rff1 Ne2 34.Bd2 Bxd2 35.Rxd2 Nf4+ 36.Kg3 Rc7 37.Rc2 Kg7 38.g5
c3 39.Rb1 Rc4 40.Kf3 Rfc8 41.Rb3 Ne2 42.f6+ Kg8 43.Rxe2 c2 44.Rxc2 Rxc2 45.Bxc2
Rxc2 46.Ke4 Rc4+ 47.Kf5 Kf7 48.g6+ hxg6+ 49.Kg5 Rf4 50.Rc3 Rc4 51.Rb3

[Event "VII OPEN AMATEUR CALVIA"]
[Site "Calvia - Mallorca (España)"]
[Date "2010.10.14"]
[Round "6"]
[Board "1"]
[White "Andersen, Daniel"]
[Black "Sanchez Martinez, Miguel Angel"]
[Result "0-1"]
[WhiteElo "1940"]
[BlackElo "1745"]
[PlyCount "62"]
[EventDate "2010.10.09"]
[EventRounds "9"]
[EventCountry "ESP"]

1.c4 g6 2.e4 Bg7 3.d4 d6 4.Nc3 Nf6 5.f3 O-O 6.Be3 Nbd7 7.Qd2 b6 8.O-O-O c5
9.Nge2 Ba6 10.Ng3 cxd4 11.Bxd4 Qc7 12.b3 Rac8 13.Kb1 Rfd8 14.h4 h5 15.Nge2 e6
16.Rg1 Qc6 17.g4 hxg4 18.Bg2 b5 19.cxb5 Bxb5 20.Nxb5 Qxb5 21.fxg4 a5 22.Nc3 Qb4
23.h5 e5 24.h6 Bh8 25.h7+ Kf8 26.Qh6+ Ke8 27.g5 exd4 28.gxf6 dxc3 29.Qg7 c2+
30.Kb2 Qc3+ 31.Ka3 Bxg7

[Event "VII OPEN AMATEUR CALVIA"]
[Site "Calvia - Mallorca (España)"]
[Date "2010.10.14"]
[Round "6"]
[Board "1"]
[White "Orcera Gomez, Francisco"]
[Black "Patola, Eero"]
[Result "1/2-1/2"]
[WhiteElo "1764"]
[BlackElo "1924"]
[PlyCount "86"]
[EventDate "2010.10.09"]
[EventRounds "9"]
[EventCountry "ESP"]

1.d4 f5 2.Nf3 Nf6 3.Bf4 g6 4.e3 Bg7 5.c4 O-O 6.Nc3 d6 7.Bd3 Na6 8.a3 c5 9.O-O h6
10.h4 Qe8 11.Qc2 Qf7 12.Rab1 Nh5 13.Bh2 Bd7 14.b4 cxb4 15.axb4 Rac8 16.Ne2 Nc7
17.Nf4 Nf6 18.Kh1 a6 19.Rbc1 Ng4 20.Bg3 e5 21.dxe5 dxe5 22.Ne2 e4 23.Bxe4 fxe4
24.Qxe4 Bc6 25.Qxg4 Ne6 26.Ne5 Bxe5 27.Bxe5 Bd7 28.Qg3 Kh7 29.f4 Ng7 30.Bxg7
Kxg7 31.c5 Bb5 32.Rfe1 Bxe2 33.Rxe2 Qb3 34.Qe1 Rce8 35.Qc3+ Qxc3 36.Rxc3 Rxf4
37.exf4 Rxe2 38.Rd3 Re7 39.Rd6 Rc7 40.g4 a5 41.bxa5 Rxc5 42.Rd7+ Kf6 43.Rxb7
Rxa5

[Event "VII OPEN AMATEUR CALVIA"]
[Site "Calvia - Mallorca (España)"]
[Date "2010.10.14"]
[Round "6"]
[Board "1"]
[White "Cerdo Fernandez, Miguel"]
[Black "Navarrete Abraham, Jorge"]
[Result "0-1"]
[WhiteElo "1909"]
[BlackElo "1716"]
[PlyCount "46"]
[EventDate "2010.10.09"]
[EventRounds "9"]
[EventCountry "ESP"]

1.e4 c5 2.Nf3 d6 3.Bb5+ Bd7 4.Bxd7+ Qxd7 5.O-O Nc6 6.d4 cxd4 7.Nxd4 g6 8.Be3 Bg7
9.Nc3 Nf6 10.f4 Ng4 11.Ne6 Qxe6 12.f5 gxf5 13.Nd5 Qxe4 14.Nc7+ Kd7 15.Nxa8 Qxe3+
16.Kh1 Nf2+ 17.Rxf2 Qxf2 18.Qd3 Qc5 19.Qb3 b6 20.Qxf7 Bf6 21.c3 Rd8 22.Rd1 Ne5
23.Qxh7 Ng4

[Event "VII OPEN AMATEUR CALVIA"]
[Site "Calvia - Mallorca (España)"]
[Date "2010.10.14"]
[Round "6"]
[Board "1"]
[White "Serarols Mabras, Bernat"]
[Black "Korhonen, Pasi"]
[Result "0-1"]
[WhiteElo "1817"]
[BlackElo "2101"]
[PlyCount "74"]
[EventDate "2010.10.09"]
[EventRounds "9"]
[EventCountry "ESP"]

1.d4 Nf6 2.c4 e6 3.Nc3 Bb4 4.Qc2 O-O 5.a3 Bxc3+ 6.Qxc3 Ne4 7.Qc2 f5 8.e3 b6
9.Ne2 Bb7 10.Bd2 c5 11.Bc3 Qh4 12.g3 Qh6 13.Bg2 g5 14.O-O-O d5 15.Bxe4 fxe4
16.Rdf1 Nd7 17.h4 cxd4 18.Nxd4 g4 19.Nb5 Nc5 20.Qe2 Rf3 21.Kb1 Ba6 22.b4 Bxb5
23.cxb5 Nd3 24.h5 Raf8 25.Be1 Qf6 26.Rh4 Rc8 27.Rxg4+ Kh8 28.Qd2 Rc1+ 29.Qxc1
Nxc1 30.Kxc1 Rxe3 31.fxe3 Qxf1 32.Kd2 Qd3+ 33.Kc1 Qxe3+ 34.Bd2 Qxa3+ 35.Kc2 Qd3+
36.Kc1 e3 37.Be1 Qf1

[Event "VII OPEN AMATEUR CALVIA"]
[Site "Calvia - Mallorca (España)"]
[Date "2010.10.14"]
[Round "6"]
[Board "1"]
[White "Hjerten, Teo"]
[Black "Solsona Manonelles, Josep"]
[Result "1-0"]
[WhiteElo "1977"]
[BlackElo "1778"]
[PlyCount "42"]
[EventDate "2010.10.09"]
[EventRounds "9"]
[EventCountry "ESP"]

1.d4 Nf6 2.Nf3 e6 3.c4 d5 4.Nc3 c6 5.Bg5 Be7 6.e3 O-O 7.Rc1 Nbd7 8.Bd3 Re8 9.O-O
h6 10.Bh4 Nf8 11.Ne5 N6d7 12.Bxe7 Qxe7 13.f4 Nxe5 14.fxe5 b6 15.a3 Ba6 16.cxd5
Bxd3 17.d6 Qg5 18.Qxd3 Ng6 19.Ne4 Qd8 20.Rxc6 Rc8 21.Rfc1 Nf8

[Event "VII OPEN AMATEUR CALVIA"]
[Site "Calvia - Mallorca (España)"]
[Date "2010.10.14"]
[Round "6"]
[Board "1"]
[White "Torres Mari, Juan"]
[Black "Mosquera Ulloa, Fernando"]
[Result "0-1"]
[WhiteElo "1775"]
[BlackElo "1960"]
[PlyCount "80"]
[EventDate "2010.10.09"]
[EventRounds "9"]
[EventCountry "ESP"]

1.d4 Nf6 2.c4 e6 3.Nc3 Bb4 4.Nf3 b6 5.Bg5 h6 6.Bh4 Bb7 7.e3 O-O 8.Bd3 d6 9.O-O
Bxc3 10.bxc3 Nbd7 11.Qe2 Qe7 12.e4 e5 13.Rfe1 Bc8 14.Rad1 g5 15.Nxg5 hxg5
16.Bxg5 Qe6 17.h3 Nh7 18.Be3 Qg6 19.f4 Kh8 20.Kh2 Rg8 21.g4 f6 22.Rg1 Ndf8
23.Rg2 Bb7 24.d5 Qf7 25.Rdg1 Ng6 26.Qf2 Kg7 27.f5 Nf4 28.Bxf4 exf4 29.h4 f3
30.Qxf3 Kf8 31.g5 fxg5 32.hxg5 Qe7 33.Qh5 Qe5+ 34.Kh1 Rh8 35.Rh2 Ke7 36.Qg6
Qxh2+ 37.Kxh2 Nf8+ 38.Qh6 Nd7 39.f6+ Kf7 40.g6+ Kxf6

[Event "VII OPEN AMATEUR CALVIA"]
[Site "Calvia - Mallorca (España)"]
[Date "2010.10.14"]
[Round "6"]
[Board "1"]
[White "Carrasco Fernandez, Manuel"]
[Black "Matas Artigues, Josep"]
[Result "0-1"]
[WhiteElo "1869"]
[BlackElo "1722"]
[PlyCount "60"]
[EventDate "2010.10.09"]
[EventRounds "9"]
[EventCountry "ESP"]

1.e4 c5 2.Nf3 Nc6 3.d4 cxd4 4.Nxd4 e5 5.Nb3 Nf6 6.Nc3 a5 7.Be3 Bb4 8.Bd3 a4
9.Nd2 a3 10.Nd5 Nxd5 11.exd5 Ne7 12.bxa3 Bc3 13.Rb1 Nxd5 14.O-O Nxe3 15.fxe3 d5
16.Nb3 O-O 17.Qh5 e4 18.Bb5 g6 19.Qd1 Rxa3 20.Nd4 Rxa2 21.Rb3 Ra1 22.Qe2 Rxf1+
23.Qxf1 Ba5 24.Be2 Bc7 25.Nb5 Be5 26.Qf2 f5 27.Nd4 f4 28.c3 fxe3 29.Qxe3 Bf4
30.Qf2 Bxh2+

[Event "VII OPEN AMATEUR CALVIA"]
[Site "Calvia - Mallorca (España)"]
[Date "2010.10.14"]
[Round "6"]
[Board "1"]
[White "Lewandowski, Richard"]
[Black "Sjogren, Stig"]
[Result "1/2-1/2"]
[WhiteElo "1647"]
[BlackElo "1842"]
[PlyCount "100"]
[EventDate "2010.10.09"]
[EventRounds "9"]
[EventCountry "ESP"]

1.d4 d5 2.c4 e6 3.a3 Nf6 4.Nc3 Be7 5.e3 Nbd7 6.Nf3 O-O 7.c5 c6 8.Bd3 b6 9.b4 a5
10.Bd2 Qc7 11.O-O axb4 12.axb4 Rxa1 13.Qxa1 bxc5 14.bxc5 e5 15.Bf5 e4 16.Ne1 g6
17.Bh3 Nh5 18.Ne2 Ndf6 19.Bxc8 Rxc8 20.g3 Qd7 21.Kg2 h6 22.h3 Nh7 23.Ng1 Ng5
24.Qd1 Rf8 25.g4 Ng7 26.f4 exf3+ 27.Nexf3 Ne4 28.Ne5 Qe6 29.Be1 Kh7 30.Ne2 g5
31.Ng3 Nxg3 32.Bxg3 f5 33.Qd3 Kg8 34.Qa6 Rc8 35.Rf3 Bf6 36.Qd3 fxg4 37.Nxg4 Be7
38.Be5 Rf8 39.Rxf8+ Kxf8 40.Qh7 Nf5 41.Kf3 Ke8 42.Qh8+ Kf7 43.Qh7+ Ke8 44.Qh8+
Kf7 45.e4 dxe4+ 46.Kxe4 Ng3+ 47.Kf3 Nf5 48.Qh7+ Ke8 49.Qh8+ Kf7 50.Qh7+ Ke8

[Event "VII OPEN AMATEUR CALVIA"]
[Site "Calvia - Mallorca (España)"]
[Date "2010.10.14"]
[Round "6"]
[Board "1"]
[White "Driessen Llado, Pedro"]
[Black "Hermida Izquierdo, Miguel Angel"]
[Result "1-0"]
[WhiteElo "1596"]
[BlackElo "1774"]
[PlyCount "51"]
[EventDate "2010.10.09"]
[EventRounds "9"]
[EventCountry "ESP"]

1.d4 Nf6 2.c4 d5 3.Nf3 Bg4 4.Nc3 e6 5.Qb3 Qc8 6.cxd5 Be7 7.Ne5 exd5 8.e4 O-O
9.Bd3 Nc6 10.Nxd5 Nxd5 11.exd5 Nxd4 12.Qc4 c5 13.dxc6 Re8 14.O-O Bd6 15.Qxf7+
Kh8 16.cxb7 Qe6 17.bxa8=Q Rxa8 18.Qxe6 Bxe6 19.Nc4 Be7 20.Be3 Bf6 21.Rac1 Rd8
22.Rfd1 Nc6 23.Be2 Re8 24.Rd6 Ne5 25.Nxe5 Bxe5 26.Rxe6

[Event "VII OPEN AMATEUR CALVIA"]
[Site "Calvia - Mallorca (España)"]
[Date "2010.10.15"]
[Round "7"]
[Board "1"]
[White "Karlsson, Jorgen"]
[Black "Chueca Forcen, Alberto"]
[Result "1/2-1/2"]
[WhiteElo "2153"]
[BlackElo "2280"]
[PlyCount "96"]
[EventDate "2010.10.09"]
[EventRounds "9"]
[EventCountry "ESP"]

1.a3 d5 2.g3 c5 3.b4 e5 4.Bb2 f6 5.Bg2 cxb4 6.axb4 Bxb4 7.c4 Qb6 8.Nc3 Bxc3
9.Bxc3 dxc4 10.Qa4+ Kf7 11.Qxc4+ Be6 12.Qe4 Nc6 13.Nf3 Nge7 14.O-O Bd5 15.Qa4
Rhd8 16.Rab1 Qc7 17.e4 Be6 18.d4 exd4 19.Nxd4 Nxd4 20.Bxd4 Qd7 21.Qxd7 Rxd7
22.Be3 Nc6 23.Rfc1 a5 24.Bf1 Na7 25.Rb6 Nc8 26.Rb2 Nd6 27.Rd1 Nxe4 28.Rxd7+ Bxd7
29.Rxb7 Ke8 30.Bd3 Nd6 31.Rb1 Bf5 32.Bxf5 Nxf5 33.Bc5 Kd7 34.Kg2 Kc6 35.Ba3 Rd8
36.Rc1+ Kb6 37.Rb1+ Ka6 38.Bc5 a4 39.Rb6+ Ka5 40.Rb7 Rc8 41.Ba3 Rg8 42.g4 Nd4
43.Ra7+ Kb5 44.Rb7+ Ka5 45.Ra7+ Kb5 46.Rb7+ Ka5 47.Ra7+ Kb5 48.Rb7+ Ka5

[Event "VII OPEN AMATEUR CALVIA"]
[Site "Calvia - Mallorca (España)"]
[Date "2010.10.15"]
[Round "7"]
[Board "1"]
[White "Planas Gene, Juan"]
[Black "Spence, David J"]
[Result "1/2-1/2"]
[WhiteElo "2163"]
[BlackElo "2225"]
[PlyCount "88"]
[EventDate "2010.10.09"]
[EventRounds "9"]
[EventCountry "ESP"]

1.d4 e6 2.c4 Nf6 3.Nc3 Bb4 4.e3 c5 5.Nf3 O-O 6.Bd3 d5 7.O-O dxc4 8.Bxc4 cxd4
9.exd4 b6 10.a3 Bxc3 11.bxc3 Bb7 12.Bg5 Nbd7 13.Qe2 Qc7 14.Nd2 Rfe8 15.f4 Nd5
16.Bxd5 exd5 17.Qf3 Rac8 18.Rfe1 Rxe1+ 19.Rxe1 f6 20.Bh4 Nf8 21.Re3 Qd6 22.Nb1
Bc6 23.f5 Re8 24.Rxe8 Bxe8 25.Bg3 Qd7 26.Nd2 Bf7 27.Qd3 Qe7 28.c4 g6 29.fxg6
hxg6 30.h3 Kg7 31.cxd5 Bxd5 32.Nf1 Qe4 33.Qxe4 Bxe4 34.Ne3 b5 35.Kf2 Kf7 36.Bb8
a5 37.Nd1 Bc2 38.Ne3 Bd3 39.Ke1 Ne6 40.Kd2 Be4 41.Kc3 Ng7 42.Bc7 a4 43.Kb4 Nf5
44.Kxb5 Bc2

[Event "VII OPEN AMATEUR CALVIA"]
[Site "Calvia - Mallorca (España)"]
[Date "2010.10.15"]
[Round "7"]
[Board "1"]
[White "Renteria, Jorge"]
[Black "Lommers, Frank"]
[Result "1-0"]
[WhiteElo "2266"]
[BlackElo "2191"]
[PlyCount "79"]
[EventDate "2010.10.09"]
[EventRounds "9"]
[EventCountry "ESP"]

1.e4 e5 2.Nf3 Nc6 3.d4 exd4 4.Nxd4 Bc5 5.Nxc6 Qf6 6.Qf3 bxc6 7.Nd2 d6 8.Nb3 Bb6
9.a4 a5 10.Bd2 Be6 11.Bc3 Qxf3 12.gxf3 f6 13.Rg1 Kf7 14.Nd4 Bxd4 15.Bxd4 Ne7
16.f4 g6 17.O-O-O Rhe8 18.h4 c5 19.Bc3 d5 20.f5 gxf5 21.exd5 Nxd5 22.Bd2 Rg8
23.Be2 Rg4 24.Bxg4 fxg4 25.c4 Ne7 26.b3 h5 27.Be3 Nf5 28.Bxc5 Rb8 29.Kc2 Kg6
30.Rh1 Ng7 31.Kc3 Ne8 32.Rhe1 Kf7 33.Rd2 Ra8 34.Red1 f5 35.Rd8 Rxd8 36.Rxd8 Nf6
37.Be3 f4 38.Bxf4 Ne4+ 39.Kd4 Nxf2 40.Bxc7

[Event "VII OPEN AMATEUR CALVIA"]
[Site "Calvia - Mallorca (España)"]
[Date "2010.10.15"]
[Round "7"]
[Board "1"]
[White "Massanet Massanet, Sebastian"]
[Black "Walton, Alan J"]
[Result "1/2-1/2"]
[WhiteElo "2260"]
[BlackElo "2152"]
[PlyCount "90"]
[EventDate "2010.10.09"]
[EventRounds "9"]
[EventCountry "ESP"]

1.e4 e6 2.d4 d5 3.Nd2 a6 4.Ngf3 Nf6 5.e5 Nfd7 6.Bd3 c5 7.c3 Nc6 8.O-O g5 9.Nb3
h6 10.Nxc5 Nxc5 11.dxc5 Bxc5 12.Qe2 Qc7 13.Re1 Bd7 14.Be3 Bxe3 15.Qxe3 Rg8
16.Nd2 Rc8 17.Rac1 Ne7 18.Nb3 Ng6 19.Bxg6 Rxg6 20.Nd4 Qa5 21.a3 Qb6 22.Rc2 Kf8
23.f4 g4 24.Kh1 Kg8 25.Rf2 Rf8 26.g3 Kg7 27.h4 gxh3 28.g4 Qd8 29.Qxh3 f6 30.Ref1
fxe5 31.f5 Rgf6 32.Nf3 exf5 33.Nxe5 fxg4 34.Nxg4 Bxg4 35.Qxg4+ Kh7 36.Rg1 Qe7
37.Re2 Qf7 38.Reg2 Rf5 39.Qg7+ Qxg7 40.Rxg7+ Kh8 41.R1g2 Rf1+ 42.Kh2 R8f7
43.Rg8+ Kh7 44.Rd8 R1f5 45.Kg1 Rf1+